Clasificación de los toponimos de la provincia de Cartago procedentes de nombres comunes según su clase o funcion gramátical /
Збережено в:
| Автор: | |
|---|---|
| Формат: | Невідомо |
| Предмети: | |
| Теги: |
Додати тег
Немає тегів, Будьте першим, хто поставить тег для цього запису!
|
MARC
| LEADER | 000000000a22000000004500 | ||
|---|---|---|---|
| 001 | 006749 | ||
| 100 | 1 | |a Garita Hernández, Flor María | |
| 245 | 1 | 0 | |a Clasificación de los toponimos de la provincia de Cartago procedentes de nombres comunes según su clase o funcion gramátical / |c Flor María Garita Hernández. |
| 310 | |a SEMESTRAL | ||
| 505 | |a Contenido: LINGÜÍSTICA -- GRAMÁTICA | ||
| 650 | 4 | |a CARTAGO, (COSTA RICA) | |
| 650 | 4 | |a TOPONIMÍA | |
| 650 | 4 | |a HIDRÓNIMOS | |
| 650 | 4 | |a ONÓNIMOS | |
| 773 | 0 | |x 0378-0473 |d San José, Costa Rica : EUCR |g volumen XVIII, número 1 (1994), páginas 99-103 | |
| 942 | |c ARC | ||
| 999 | |c 12971 |d 12971 | ||
